LIBRARY & INFORMATION CENTRE, KCAET, TAVANUR

ONLINE PUBLIC ACCESS CATALOGUE (OPAC)

Lal Bahadur Shastri: A political biography / (Record no. 4417)

MARC details
000 -LEADER
fixed length control field 00382cam a2200145ua 4500
041 ## - LANGUAGE CODE
Language code of text/sound track or separate title eng
082 ## - DEWEY DECIMAL CLASSIFICATION NUMBER
Classification number 923.2
Item number MAN/CA
100 ## - MAIN ENTRY--AUTHOR NAME
Personal name Mankekar, R .
245 ## - TITLE STATEMENT
Title Lal Bahadur Shastri: A political biography /
260 ## - PUBLICATION, DISTRIBUTION, ETC. (IMPRINT)
Place of publication New Delhi :
Name of publisher Lalvani Publishing House ,
Year of publication 1956.
300 ## - PHYSICAL DESCRIPTION
Number of Pages 191 ; .
942 ## - ADDED ENTRY ELEMENTS (KOHA)
Koha item type Books
Holdings
Withdrawn status Lost status Damaged status Home library Current library Date acquired Full call number Accession Number Koha item type
Withdrawn     KAUAET KAUAET 07/04/2012 923.2 10846 Books
free website counter